Počítačové systémy II. Mikropočítače II.
| Main Author: | |
|---|---|
| Format: | Book |
| Language: | English |
| PhysicalDescription: | 200 s. |
| Published: |
Ostrava
VŠB
1989
|
| Edition: | 1. vyd. |
MARC
| LEADER | 00000nam a2200000 a 4500 | ||
|---|---|---|---|
| 001 | vtls009149556 | ||
| 003 | SK-MaSNL | ||
| 005 | 20260302042950.0 | ||
| 008 | 240318 000 0 eng | ||
| 040 | |a SNK |b slo |c SNK |e AACR2 | ||
| 100 | 1 | |a Němec, František |4 aut |9 296826 | |
| 245 | 1 | 0 | |a Počítačové systémy II. |b Mikropočítače |n II. |c František Němec |
| 250 | |a 1. vyd. | ||
| 260 | |a Ostrava |b VŠB |c 1989 |e Čadca |f OPS | ||
| 300 | |a 200 s. | ||
| 999 | |c 1084875 |d 1086805 | ||
| 952 | |a SNK |b SNK |y VYP |7 0 |p 17A0565189 |o snkIB 63217/2 |i snkKIP 13061/80 |3 rekatalogizácia |0 0 |1 0 |4 0 |d 2007-10-12 |l 0 |r 2026-02-24 16:37:49 |w 2026-02-24 | ||


